Engineering Mechanics Statics and Dynamics (Record no. 614536)

000 -LEADER
fixed length control field 00377nam a22001457a 4500
020 ## - INTERNATIONAL STANDARD BOOK NUMBER
International Standard Book Number 9789332584747
040 ## - CATALOGING SOURCE
Transcribing agency NUST
082 ## - DEWEY DECIMAL CLASSIFICATION NUMBER
Classification number 620.1
Author Mark HIB
100 ## - MAIN ENTRY--PERSONAL NAME
Personal name R.C Hibbeler
245 ## - TITLE STATEMENT
Title Engineering Mechanics Statics and Dynamics
250 ## - EDITION STATEMENT
Edition statement 14th Ed
260 ## - PUBLICATION, DISTRIBUTION, ETC.
Place of publication, distribution, etc. India:
Name of publisher, distributor, etc. Pearson India,
Date of publication, distribution, etc. 2018.
650 ## - SUBJECT ADDED ENTRY--TOPICAL TERM
Source of heading or term Engineering Mechanics Statics and Dynamics
942 ## - ADDED ENTRY ELEMENTS (KOHA)
Source of classification or shelving scheme
Koha item type Book
Holdings
Withdrawn status Lost status Source of classification or shelving scheme Damaged status Not for loan Permanent Location Current Location Shelving location Date acquired Total Checkouts Full call number Barcode Date last seen Price effective from Koha item type
          College of Electrical & Mechanical Engineering (CEME) College of Electrical & Mechanical Engineering (CEME) General Stacks 08/19/2025   620.1 HIB CEME- 49833 08/19/2025 08/19/2025 Book
          College of Electrical & Mechanical Engineering (CEME) College of Electrical & Mechanical Engineering (CEME) General Stacks 08/19/2025   620.1 HIB CEME- 49837 08/19/2025 08/19/2025 Book
          College of Electrical & Mechanical Engineering (CEME) College of Electrical & Mechanical Engineering (CEME) General Stacks 08/19/2025   620.1 HIB CEME- 49835 08/19/2025 08/19/2025 Book
          College of Electrical & Mechanical Engineering (CEME) College of Electrical & Mechanical Engineering (CEME) General Stacks 08/19/2025   620.1 HIB CEME- 49836 08/19/2025 08/19/2025 Book
© 2023 Central Library, National University of Sciences and Technology. All Rights Reserved.